Дело о книгах, рассматриваемых в Ученом комитете

RUSMARC
00005930cbc2a2200000#x 450
0013ef31af0-cfde-43ac-9a69-35cd410c523b
00520230703151858.0
100##$a20190805l18991900k l0rusy0189 ca
1010#$arus
102##$aRU
2001#$aДело о книгах, рассматриваемых в Ученом комитете
$j2 июня 1899 г. - 23 декабря 1900 г.
251##$cДело
300##$aОригинальный заголовок дела: Дело о книгах, рассматриваемых в Ученом комитете Министерства народного образования : 2 июня 1899 года - 12 декабря 1900 года
300##$aРукописный текст. Чернила
801#0$aRU
$bРГИА
$c20190805
801#1$aRU
$bГлавНИВЦ
$c20190805
$2rusmarc
801#2$aRU
$bПБ им. Б.Н. Ельцина
$c20210114
$gRCR
$2rusmarc
850##$aФедеральное казенное учреждение "Российский государственный исторический архив"
852##$aРГИА
$j1404
937##$hРГИА
$d12308707
$aASBIBLIO_SCAN
462#0$1001b92bb9f0-9274-4a14-a5f0-ac7081e69216
$12001
$aДела разряда учительских семинарий и начальных училищ Департамента народного просвещения за 1891-1904 гг
$vД. 1404
$1251
$cОпись
$1852
$j172
461#0$1001a74412a3-3cc5-4d21-8f0a-dfe2fbd9e72d
$12001
$aДепартамент народного просвещения Министерства народного просвещения
$1251
$cФонд
$1852
$j733
215##$a489 листов
$d36,5х26 см
371##$aДокумент не является опубликованным и широко распространяемым
105##$ay###
1222#$ad18990602##
$ad19001223##
035##$a3ef31af0-cfde-43ac-9a69-35cd410c523b
856##$uhttp://readingroom.main.prlib.ru/item.aspx?id_node=n154162438&mode=full
5171#$aДело о книгах, рассматриваемых в Ученом комитете Министерства народного образования
$e2 июня 1899 года - 12 декабря 1900 года
605##$2acquisition_Prlib
$3LIBNET\UAF\0000107109
$aИстория образования в России
$lколлекция
605##$2acquisition_Prlib
$3DITM\AF\0000002775
$aВласть
$lколлекция
605##$2acquisition_Prlib
$3DITM\AF\0000003834
$aНарод
$lколлекция
60101$2nlr_sh
$3RU\NLR\AUTH\661454179
$aРоссия
$bМинистерство народного просвещения
$jАрхивные дела
$xИстория
$z1802 - 1917
686##$2rubbk
$a63.3(2)52-3ю1
$vLBC/M
686##$2rubbk
$a74.02(2)5ю1
$vLBC/M
6061#$2nlr_sh
$3RU\NLR\AUTH\661415248
$aОбразование
$jАрхивные дела
$xУправление
$xИстория
$yРоссия
$z19 - нач. 20 вв.
Формат отображения